000 00543 a2200205 4500
005 20260310112119.0
008 260310b |||||||| |||| 00| 0 eng d
020 _a9780199499717
_cRs. 1695.00
040 _aMAIN
082 _a330.122
_bY29C
100 _aYazdani, Kaveh, ed.
245 _aCapitalisms: Toward a global history
260 _bOxford University Press
_c2022
_aNew Delhi
300 _axi, 397
650 _aEconomics
650 _aCapitalism
650 _aEconomic Theory
700 _aMenon, Dilip M, ed.
942 _cBK
999 _c395963
_d395963